The complete idiot's guide to Project Management (Record no. 11215)

000 -LEADER
fixed length control field 00481 a2200181 4500
020 ## - INTERNATIONAL STANDARD BOOK NUMBER
International Standard Book Number 1592571190
082 ## - DEWEY DECIMAL CLASSIFICATION NUMBER
Classification number 658.404
090 ## - LOCALLY ASSIGNED LC-TYPE CALL NUMBER (OCLC); LOCAL CALL NUMBER (RLIN)
-- 7412
-- 7412
100 ## - MAIN ENTRY--PERSONAL NAME
Personal name Sunny
110 ## - MAIN ENTRY--CORPORATE NAME
Corporate name or jurisdiction name as entry element Baker, Kim. Campbell, G. Michael.
245 ## - TITLE STATEMENT
Title The complete idiot's guide to Project Management
Statement of responsibility, etc. Sunny
250 ## - EDITION STATEMENT
Edition statement 3rd ed.
260 ## - PUBLICATION, DISTRIBUTION, ETC.
Place of publication, distribution, etc. USA
Name of publisher, distributor, etc. ALPHA
Date of publication, distribution, etc. 2003
300 ## - PHYSICAL DESCRIPTION
Extent xxvi, 421 p. ;
Other physical details ill.;
Dimensions 25 cm.
500 ## - GENERAL NOTE
General note Includes index
650 ## - SUBJECT ADDED ENTRY--TOPICAL TERM
Topical term or geographic name entry element 1. Project management.
942 ## - ADDED ENTRY ELEMENTS (KOHA)
Koha item type Book
Call number prefix 658.404 SUN
Holdings
Withdrawn status Lost status Damaged status Not for loan Permanent Location Current Location Date acquired Total Checkouts Full call number Barcode Date last seen Price effective from Koha item type
        Central Library (CL) Central Library (CL) 09/13/2023   658.404 SUN SEECSD00685 07/03/2024 11/14/2012 Book
© 2023 Central Library, National University of Sciences and Technology. All Rights Reserved.